000 00540nam a22002417a 4500
003 UA-OsUOA
001 22384
007 ta
008 20031219b un ||||| |||| 00| 0 ukr d
100 _aМор Т.
090 _a141.81
_bМ79
942 _cBK
040 _aUA-OsUOA
_brus
_cUA-OsUOA
_dUA-OsUOA
245 _aУтопия
300 _a415 с.
955 _a1
041 _arus
080 _a141.81
260 _aМ.
_bНаука
_c1978
044 _aRU
650 7 _a1 Філософські науки
_2UDC
999 _c308602
_d308602